00358nam a2200157Ia 4500001000500000005001700005008004100022041000800063082001500071100002900086245003200115260000900147300002800156650000800184654000800192851320260306160615.0260306t2006||||xx |||||||||||||| ||spa|| aESP a371.1bT44 aDe Tezanos, AracelieAUT 0aEl maestro y su formación c2006 a328 páginas :c21 cm. aGEN aCED